| Tag |
First Indicator |
Second Indicator |
Subfields |
| LEADER |
00000nam a2200000Ia 4500 |
| 001 |
in00004303457 |
| 005 |
20200810090009.0 |
| 006 |
m g d |
| 007 |
cr bn |||a|bb| |
| 008 |
871106s1679 enk o 00| |beng d |
| 035 |
|
|
|a (OCoLC)16948474
|
| 040 |
|
|
|a EAH
|c EAH
|d WaOLN
|
| 037 |
|
|
|a CL0037000036
|b ProQuest Information and Learning. 300 N. Zeeb Rd., Ann Arbor, MI 48106
|
| 090 |
|
|
|a DA426
|b .H42 1679
|
| 049 |
|
|
|a EAHA
|
| 100 |
1 |
|
|a Heath, James,
|d 1629-1664.
|
| 245 |
1 |
0 |
|a Flagellum, or, The life and death, birth and burial of O. Cromwel, the late usurper, faithfully described :
|b with an exact account of his policies & successes : enlarged with many additions.
|
| 260 |
|
|
|a London :
|b Printed for Sam. Crouch ...,
|c 1679.
|
| 300 |
|
|
|a 1 online resource ([6], 9-192 pages)
|
| 336 |
|
|
|a text
|b txt
|2 rdacontent
|
| 337 |
|
|
|a computer
|b c
|2 rdamedia
|
| 338 |
|
|
|a online resource
|b cr
|2 rdacarrier
|
| 500 |
|
|
|a Reproduction of original in the British Library.
|
| 500 |
|
|
|a Attributed to Heath by Wing and NUC pre-1956 imprints.
|
| 510 |
4 |
|
|a Wing
|c H1334
|
| 533 |
|
|
|a Electronic reproduction.
|b Ann Arbor, Mich. :
|c UMI,
|d 1999-
|f (Early English books online)
|n Digital version of: (Early English books, 1641-1700 ; 1094:4)
|7 s1999 miun s
|
| 600 |
1 |
0 |
|a Cromwell, Oliver,
|d 1599-1658.
|
| 740 |
0 |
|
|a Flagellum.
|
| 740 |
0 |
|
|a Life and death, birth and burial of O. Cromwel.
|
| 830 |
|
0 |
|a Early English books online.
|
| 856 |
4 |
0 |
|u http://proxy.library.tamu.edu/login?url=https://search.proquest.com/docview/2248530631
|z Connect to the full text of this electronic book
|t 0
|
| 999 |
f |
f |
|s 754c3ce0-baa9-3fe3-a709-19f9a9107c55
|i d41200c2-cabb-3139-ade7-06f5ee30cc33
|t 0
|
| 952 |
f |
f |
|a Texas A&M University
|b College Station
|c Electronic Resources
|d Available Online
|t 0
|e DA426 .H42 1679
|h Library of Congress classification
|
| 998 |
f |
f |
|a DA426 .H42 1679
|t 0
|l Available Online
|